| 000 | 03107 a2200241 4500 | ||
|---|---|---|---|
| 003 | UA-OsUOA | ||
| 005 | 20200831144415.0 | ||
| 008 | 200818b un ||||| |||| 00| 0 rus d | ||
| 020 | _a5765437745 | ||
| 040 |
_aUA-OsUOA _bukr _cUA-OsUOA _dUA-OsUOA |
||
| 041 | _arus | ||
| 080 | _a821.161.1(72) | ||
| 090 |
_a821.161.1(72) _bК 88 |
||
| 100 | _aКуатьэ А. | ||
| 245 |
_aДневник сумасшедшего. Четвертая скрижаль завета _bроман _cАнхель де Куатьэ _nКн. 5 |
||
| 260 |
_bНева _c2004 _aСПб. |
||
| 300 | _a192 с. | ||
| 520 | _aКнига Анхеля де Куатьэ "Дневник сумасшедшего" написана другим человеком. Это настоящий дневник настоящего сумасшедшего - юноши, носившего в себе четвертую Скрижаль Завета. Он болен шизофренией и хочет уничтожить мир. Об этом он сообщает с самого начала, на первой же странице своего дневника. Дальше мы становимся очевидцами разворачивающегося на наших глазах безумия... Но как получается, что эта исповедь постепенно становится опытом духовного причастия?.. Он искал правду, не понимая, где реальность, а где плод его воспаленного воображения. Он летел на пламя просто потому, что у него не было другого пути. И за его бредом оказывалось подчас куда больше здравого смысла и правды, чем в многочисленных "здравых рассуждениях" нынешних властителей дум. Как увидеть истину, если тебя предали, а твое сознание рассыпается осколками безумия? Нужно быть чистым сердцем. Ищете человека? Так от кого же вы бежите?.. "Мы не даем себе шанса быть цельными. Мы раздвоены. Это потому, что мы не доверяем себе... Нам кажется, что у нас есть "темная половина" - недостойная, порочная, слабая, глупая. Каждый думает о ней по-своему, но все мы ее ненавидим. Мы ненавидим что-то в себе и скрываем его от других, а часто - и от самих себя". | ||
| 650 |
_2UDC _a821 Художня література окремими мовами і мовними сім'ями |
||
| 942 |
_cBK _2udc |
||
| 955 | _a3 | ||
| 999 |
_c461071 _d461071 |
||